| 000 | 00577nam a22002057a 4500 | ||
|---|---|---|---|
| 008 | 151119b xxu||||| |||| 00| 0 eng d | ||
| 020 | _a9780321594563 | ||
| 041 | 0 | _aeng | |
| 080 | _a330 | ||
| 100 | 1 | _aHusted, Steven L. | |
| 245 | 1 | 0 |
_aInternational economics / _cSteven Husted, Michael Melvin. |
| 250 | _a8th ed. | ||
| 260 |
_aBoston : _bAddison-Wesley, _cc2010. |
||
| 300 |
_axix, 570 f. : _bme il.; _c24 cm. |
||
| 650 | 0 | _aMarrëdhëniet ndërkombëtare | |
| 650 | 0 | _aEkonomia | |
| 650 | 0 | _aFinancat ndërkombëtare | |
| 700 | 1 | _aMelvin, Michael, | |
| 942 |
_2udc _cBK |
||
| 999 |
_c1372 _d1372 |
||